<?xml version="1.0" encoding="UTF-8"?>
<record
    xmlns:xsi="http://www.w3.org/2001/XMLSchema-instance"
    xsi:schemaLocation="http://www.loc.gov/MARC21/slim http://www.loc.gov/standards/marcxml/schema/MARC21slim.xsd"
    xmlns="http://www.loc.gov/MARC21/slim">

  <leader>00756nam a2200217 a 4500</leader>
  <controlfield tag="001">82547</controlfield>
  <controlfield tag="003">BD-RjUL</controlfield>
  <controlfield tag="005">20231226151825.0</controlfield>
  <controlfield tag="008">231226s1962    ii ||||| |||| 00| 0 urd d</controlfield>
  <datafield tag="035" ind1=" " ind2=" ">
    <subfield code="a">(BD-RjUL)82547</subfield>
  </datafield>
  <datafield tag="040" ind1=" " ind2=" ">
    <subfield code="a">BD-RjUL</subfield>
    <subfield code="b">eng</subfield>
    <subfield code="c">BD-RjUL</subfield>
  </datafield>
  <datafield tag="041" ind1=" " ind2=" ">
    <subfield code="a">ara/urd</subfield>
  </datafield>
  <datafield tag="082" ind1=" " ind2=" ">
    <subfield code="2">23</subfield>
    <subfield code="a">297.1225</subfield>
    <subfield code="b">MUK 1962</subfield>
  </datafield>
  <datafield tag="245" ind1="1" ind2="0">
    <subfield code="a">&#x645;&#x62E;&#x632;&#x646; &#x645;&#x639;&#x627;&#x631;&#x641; : &#x642;&#x631;&#x627;&#x646; &#x643;&#x631;&#x64A;&#x645; &#x645;&#x639; &#x62A;&#x631;&#x62C;&#x645;&#x647; &#x648;&#x62A;&#x641;&#x633;&#x64A;&#x631; ;; makhzan maearif : quran karim mae tarjamih watafsir /</subfield>
    <subfield code="c"> : &#x645;&#x639;&#x6CC;&#x646; &#x627;&#x644;&#x62F;&#x6CC;&#x646;  ;; Moin Al-Din</subfield>
  </datafield>
  <datafield tag="260" ind1=" " ind2=" ">
    <subfield code="a"> &#x67E;&#x627;&#x6A9;&#x633;&#x62A;&#x627;&#x646; :</subfield>
    <subfield code="b">&#x639;&#x627;&#x648;&#x646; : &#x62E;&#x62F;&#x627; &#x628;&#x62E;&#x634; &#x644;&#x627;&#x626;&#x628;&#x631;&#x6CC;&#x631;&#x6CC;&#x60C;&#x67E;&#x679;&#x646;&#x6C1; ,</subfield>
    <subfield code="c">1962</subfield>
  </datafield>
  <datafield tag="300" ind1=" " ind2=" ">
    <subfield code="a">266 p.;</subfield>
    <subfield code="c">23 cm</subfield>
  </datafield>
  <datafield tag="505" ind1=" " ind2=" ">
    <subfield code="a">surah Fatihah -nisa.</subfield>
  </datafield>
  <datafield tag="650" ind1=" " ind2=" ">
    <subfield code="a">Quran </subfield>
    <subfield code="v">Interpretation</subfield>
    <subfield code="9">9373</subfield>
  </datafield>
  <datafield tag="700" ind1=" " ind2=" ">
    <subfield code="a">Moin Al-Din</subfield>
    <subfield code="9">10721</subfield>
  </datafield>
  <datafield tag="942" ind1=" " ind2=" ">
    <subfield code="2">ddc</subfield>
    <subfield code="c">BK</subfield>
  </datafield>
  <datafield tag="999" ind1=" " ind2=" ">
    <subfield code="c">82547</subfield>
    <subfield code="d">82547</subfield>
  </datafield>
  <datafield tag="952" ind1=" " ind2=" ">
    <subfield code="0">0</subfield>
    <subfield code="1">0</subfield>
    <subfield code="2">ddc</subfield>
    <subfield code="4">0</subfield>
    <subfield code="7">1</subfield>
    <subfield code="8">NFIC</subfield>
    <subfield code="a">RUCL</subfield>
    <subfield code="b">RUCL</subfield>
    <subfield code="c">Reading</subfield>
    <subfield code="d">1973-06-26</subfield>
    <subfield code="e">Author</subfield>
    <subfield code="o">U 297.1225 MUK 1962</subfield>
    <subfield code="r">2023-12-26 00:00:00</subfield>
    <subfield code="t">C-1</subfield>
    <subfield code="y">BK</subfield>
  </datafield>
</record>
